| 000 | 00590nam a2200169 a 4500 | ||
|---|---|---|---|
| 008 | 120416s1956 ||||||||||||||||| || u | ||
| 050 | _aJN 175 Dod | ||
| 100 | _aDodd, Arthur H | ||
| 245 | 1 | 4 | _aThe growth of responsible government |
| 246 | _afrom James the First to Victoria | ||
| 260 |
_aLondon _bRoutledge and Kegan Paul _c1956 |
||
| 300 | _axv, 215p. | ||
| 350 | _a0.00 | ||
| 650 | _aPOLITICAL GROWTH | ||
| 650 | _aGOVERNMENT | ||
| 995 |
_D0.00 _FCBU-MAIN LIBRARY (Kitwe) _H1 _I0.00 _M1 _UAVAILABLE _ZAnnex Low-Usage Collection |
||
| 999 |
_c45032 _d45032 |
||